Album Covers by Color - Pink - Statistics

General Stats
  • This quiz has been taken 260 times
    174 since last reset
  • The average score is 17 of 25
Answer Stats
Hint Extra Hint Answer % Correct
Loud Rihanna
97%
Lover Taylor Swift
94%
Fine Line Harry Styles
93%
thank u, next Ariana Grande
90%
Hot Pink Doja Cat
88%
Teenage Dream Katy Perry
87%
Future Nostalgia Dua Lipa
85%
Legends Never Die Juice WRLD
83%
IGOR Tyler, The Creator
81%
Plastic Hearts Miley Cyrus
78%
Pink Friday Nicki Minaj
76%
Because The Internet Childish Gambino
75%
Coloring Book Chance the Rapper
73%
Post Bjork
71%
Manic Halsey
62%
Pink Tape Lil Uzi Vert
57%
Phoenix Rita Ora
57%
Who Really Cares TV Girl
55%
Damn the Torpedoes Tom Petty & the Heartbreakers
55%
Ten Pearl Jam
50%
Rich Flex Drake
48%
In The Court of the Crimson King King Crimson
48%
Sin Miedo (del Amor y Otros Demonios) Kali Uchis
46%
Rio Duran Duran
43%
Surrealistic Jefferson Airplane
35%
No matching quizzes found
Score Distribution
Percent of People with Each Score
Percentile by Number Answered
Your Score History
You have not taken this quiz since the last reset